Sachsen-Quiz - Statistiken

Allgemein
  • Dieses Quiz wurde 158 mal gespielt
    142 seit der letzten Aktualisierung
  • Das Durchschnittsergebnis liegt bei 8 aus 10
Antwortstatistiken
Hinweis Antwort % Korrekt
Landeshauptstadt Dresden
100%
Größte Stadt Leipzig
98%
Nördlich angrenzendes Bundesland Brandenburg
95%
Früher Karl-Marx-Stadt Chemnitz
94%
Südöstlich angrenzendes Land Tschechien
91%
Bester Fußballclub RB Leipzig
84%
Schlacht, an welche ein großes Denkmal erinnert Völkerschlacht
81%
Minderheit, die aus Sachsen kommt Sorben
69%
Abkürzung SN
64%
Weltberühmter Fußballer Michael Ballack
59%
Keine übereinstimmenden Quizze gefunden
Verteilung der Resultate
Anzahl Personen mit jedem Resultat
Perzentil nach korrekt beantworteten Fragen
Ihre Resultats-Entwicklung
Sie haben dieses Quiz seit der letzten Aktualisierung nicht gespielt